000 00315nam a22001337a 4500
008 170612b xxu||||| |||| 00| 0 eng d
020 _a9780472066193
041 _aeng
080 _a32
100 _a19
101 _aSHP
245 _aPUBLIC OPINION AND AMERCAN FOREIGN POLICY
_cHOLSTI.O.R
942 _2udc
_cBK
999 _c17052
_d17052